Κατάλογος Βιβλιοθηκών Mediterranean College

Αυτογνωσία και Νόημα της Ζωής / Η Ανακάλυψη του Είναι (Record no. 3249)

MARC details
000 -LEADER
fixed length control field 01761cam a22002174a 4500
005 - ΗΜΕΡΟΜΗΝΙΑ ΚΑΙ ΩΡΑ ΤΕΛΕΥΤΑΙΑΣ ΕΝΗΜΕΡΩΣΗΣ
Πεδίο ελέγχου 20250605164109.0
008 - FIXED-LENGTH DATA ELEMENTS--GENERAL INFORMATION
Πεδίο ελέγχου σταθερού μήκους 250528s ||||||||||||||||||||||||d
035 ## - SYSTEM CONTROL NUMBER
System control number 17849
020 ## - ISBN
ISBN 9789605278984
040 ## - ΠΗΓΗ ΚΑΤΑΛΟΓΟΓΡΑΦΗΣΗΣ
Φορέας πρωτότυπης καταλογογράφησης MC Athens Campus Library
Γλώσσα καταλογογράφησης Ελληνικά, Μοντέρνα (1453-)
Modifying agency MC Athens Campus Library
Κανόνες περιγραφικής καταλογογράφησης AACR2
245 1# - ΤΙΤΛΟΣ ΚΑΙ ΔΗΛΩΣΗ ΥΠΕΥΘΥΝΟΤΗΤΑΣ
Τίτλος Αυτογνωσία και Νόημα της Ζωής / Η Ανακάλυψη του Είναι
260 ## - PUBLICATION, DISTRIBUTION, ETC.
Name of publisher, distributor, etc. Άρμος,
Date of publication, distribution, etc. 2016
300 ## - PHYSICAL DESCRIPTION
Extent 358
520 ## - SUMMARY, ETC.
Summary, etc. Ένα βιβλίο σταθμός για μια βαθύτερη κατανόηση του εαυτού μας και των άλλων. Η Συμβολή του Συγγραφέα στην Εδραίωση της Αμερικανικής Υπαρξιακής Ψυχολογίας, Πρόλογος, Οι Αρχές, Οι Βάσεις της Ψυχοθεραπείας, Το Πολιτιστικό Υπόβαθρο, Απαρχές και Σημασία της Υπαρξιακής Ψυχολογίας, Τι Είναι Υπαρξισμός, Πώς η ίδια Πολιτισμική Κατάσταση Εγεννήσε τον Υπαρξισμό και την Ψυχανάλυση, Συμβολές στη Θεραπεία, Να ζη κανεις ή να μη ζη, Οντολογικό Άγχος και Ενοχή, Υπάρχοντας στον Κόσμο, Οι Τρεις Τρόποι του Κόσμου, Περί Χρόνου και Ιστορίας, Υπερβαίνοντας την Άμεση Κατάσταση, Σχετικά με τη Θεραπευτική Τεχνική, Ευρετήριο ΌΌρων και Ονομάτων.
700 1# - ΠΡΟΣΘΕΤΗ ΑΝΑΓΡΑΦΗ--ΦΥΣΙΚΟ ΠΡΟΣΩΠΟ
Personal name May Rollo
9 (RLIN) 4130
700 1# - ΠΡΟΣΘΕΤΗ ΑΝΑΓΡΑΦΗ--ΦΥΣΙΚΟ ΠΡΟΣΩΠΟ
Personal name Ζερβάς Γιάννης
9 (RLIN) 4131
700 1# - ΠΡΟΣΘΕΤΗ ΑΝΑΓΡΑΦΗ--ΦΥΣΙΚΟ ΠΡΟΣΩΠΟ
Personal name Σαμοθράκη Ντίνα
9 (RLIN) 4132
942 ## - ADDED ENTRY ELEMENTS (KOHA)
Koha item type Books
Holdings
Τύπος τεκμηρίου Βιβλιοθήκη Τρέχουσα τοποθεσία Barcode Αριθμός εισαγωγής Ημερομηνία απόκτησης Ταξιθετικό σύμβολο Αριθμός αντιτύπου Κατάσταση απόσυρσης Κατάσταση χαμένου Κατάσταση κατεστραμμένου Μη δανεισμός Σύνολο δανεισμών Ημερομηνία τελευταίας εμφάνισης Η τιμή ισχύει από
Books MC Athens Campus Library MC Athens Campus Library 9780000032485 7314 05/06/2025 150/.19/2 MAY 1           05/06/2025 05/06/2025

MC Athens Campus Library
Πατησίων 94 & Κοδριγκτώνος 13, 104 34
Πελλήνης 8 & Πατησίων 107, 112 51
Τ: +30 210 8899600

MC Thessaloniki Campus Library
Ίωνος Δραγούμη 21, 54625 | Ίωνος Δραγούμη 15, 54625
Τ: +30 2310 287779 – Τ: +30 2314 440300